Argentina-Chile: controversia y mediación

Saved in:
Bibliografiske detaljer
Hovedforfatter: Amuchastegui Astrada, Armando (Author)
Format: Bog
Sprog:spansk
Udgivet: Buenos Aires Ghersi 1980
Fag:
Tags: Tilføj Tag
Ingen Tags, Vær først til at tagge denne postø!

MARC

LEADER 00000nam a2200000 a 4500
001 UCP6951
003 CL-VaPUC
008 991126e19800000AG |||||||||||||||||spa|d
082 0 4 |a 327.82083  |b AMU  |2 21 
100 0 |a Amuchastegui Astrada, Armando  |e author  |9 436283 
245 1 0 |a Argentina-Chile: controversia y mediación 
300 |a 261 p 
942 |c BK 
945 |d 19991126 00:00:00  |a crobeson 
260 |a Buenos Aires  |b Ghersi  |c 1980 
650 0 |a Negociaciones internacionales  |9 358691 
650 0 |a Tratados internacionales   |9 256056 
650 0 |a Relaciones Internacionales  |9 255740 
650 0 |a Política exterior   |9 316628 
651 0 |a Argentina  |9 254888 
651 7 |a CHILE  |2 CL-VaPUC  |9 436284 
583 |a last modification  |c 19991126 00:00:00  |k Rodrigo Vera 
999 |c 284325  |d 284323 
952 |0 0  |1 0  |4 0  |6 327_820830000000000_AMU_1980  |7 0  |8 A  |9 328210  |a BIBHIS  |b BIBHIS  |d 2019-11-20  |i 1371754  |o 327.82083 AMU 1980  |p 1371754  |r 2025-01-20  |w 2019-11-20  |y BK  |k HIS